Mountain geomorphology (Record no. 51730)

MARC details
000 -LEADER
fixed length control field 00625nam a2200169 a 4500
008 - FIXED-LENGTH DATA ELEMENTS--GENERAL INFORMATION
fixed length control field 160510s2004 ||||||||||||||||| || u
020 ## - INTERNATIONAL STANDARD BOOK NUMBER
International Standard Book Number 9780340764176
050 ## - LIBRARY OF CONGRESS CALL NUMBER
Classification number GB 501.2 Owe
100 ## - MAIN ENTRY--PERSONAL NAME
Personal name Owens, Philip N
245 10 - TITLE STATEMENT
Title Mountain geomorphology
Statement of responsibility, etc. Edited by Philip N. Owens and Olav Slaymaker
260 ## - PUBLICATION, DISTRIBUTION, ETC.
Place of publication, distribution, etc. New York:
Name of publisher, distributor, etc. Edward Arnold Ltd
Date of publication, distribution, etc. 2004
300 ## - PHYSICAL DESCRIPTION
Extent v, 313p.: ill.
350 ## - PRICE (NR) (BK AM CF MU VM SE) [OBSOLETE]
Price 55.95
650 ## - SUBJECT ADDED ENTRY--TOPICAL TERM
Topical term or geographic name entry element ENVIRONMENT GEOMORPHOLOGY
650 ## - SUBJECT ADDED ENTRY--TOPICAL TERM
Topical term or geographic name entry element MOUNTAINS
995 ## - RECOMMENDATION 995 [LOCAL, UNIMARC FRANCE]
-- CBU-MAIN LIBRARY (Kitwe)
-- 55.95
-- 1
-- AVAILABLE
-- May 12, 2016
-- Main Library Open Access Collection
Holdings
Withdrawn status Lost status Source of classification or shelving scheme Damaged status Not for loan Home library Current library Shelving location Date acquired Total Checkouts Full call number Barcode Date last seen Price effective from Koha item type
          CBU-MAIN LIBRARY, KITWE. CBU-MAIN LIBRARY, KITWE.   11/30/2022   GB 501.2 Owe 746153 11/30/2022 11/30/2022 MONOGRAPH